000 00857nam a2200277Ia 4500
003 GCL
008 140319s9999 xx 000 0 ara d
040 _aGCL /
_cGCL
082 0 4 _aق
_b932
_bش د
100 1 _aزهير الشايب (مترجم)
245 1 0 _aدراسة فى عادات وتقاليد سكان مصر المحدثين /
_cزهير الشايب (مترجم)
700 1 _aشابرول، ج . دى
250 _aالاولى
260 _aالقاهرة :
_bمطبعة الجبلاوى ،
_c1976
300 _a309 ص
650 0 4 _aالعادات والتقاليد
650 0 4 _aالتجارة
650 0 4 _aالزراعة
650 0 4 _aالقبائل العربية
650 0 4 _aالنقود
650 0 4 _aالصناعة
650 0 4 _aالطقس
650 0 4 _aالازياء
650 0 4 _aالحرف
942 _2ddc
_cBK
999 _c39234
_d39234